Statistics for 2015-16 cavs roster

Click here to take the quiz!

General Stats

  • This quiz has been taken 15 times
  • The average score is 9 of 18

Answer Stats

Jersey NumberPlayerPosition% Correct
0Kevin LovePF
92%
23LeBron JamesSF
92%
5J.R. SmithSG
85%
2Kyrie IrvingPG
85%
13Tristan ThompsonPF
85%
1James JonesSF
77%
8Matthew DellavedovaPG
77%
4Iman ShumpertSG
69%
52Mo WilliamsPG
69%
24Richard JeffersonSF
54%
20Timofey MozgovC
54%
17Anderson VarejaoC
23%
12Joe HarrisSG
23%
9Channing FryeC
15%
30Dahntay JonesSF
0%
9Jared CunninghamSG
0%
12Jordan McRaePG
0%
14Sasha KaunC
0%

Score Distribution

Percentile by Number Answered

Percent of People with Each Score

Your Score History

You have not taken this quiz